000 02742nam0a2200409 4500
001 RU\NLR\BIBL_A\011594498
005 20250626094831.0
020 _aRU
_b10893
_9Сводный каталог листовок первых лет Советской власти (25 октября (7 ноября) 1917 - 1925) Т.4 (Ч.3). Листовки советских, партийных, профсоюзных, комсомольских и других организаций губерний РСФСР
035 _a(NLR Aleph) 011594498
090 _a10854270
_c10854270
100 _a20180112d1919 |||y0rusy50 ca
101 0 _arus
102 _aRU
105 _ay z 000zy
135 _acrcn 024apaba
200 1 _aПриказ № 22 Мелекесского уездного военного комиссариата: [О регистрации 1 февр. 1919 г. бывших офицеров
_eлистовка
_fМелекесский уезд. комиссариат по военным делам]
210 _a[Мелекесс
_cб. и.
_d1919, янв.]
215 _a1 с.
_d28х18
300 _aПодписи: уездный военный комиссар Мухин; военный руководитель Тер-Саркисов; заведующий Учетным отделом Толмачев
325 1 _aКопия доступна в Электронной библиотеке РНБ
517 1 _aО регистрации 1 февр. 1919 г. бывших офицеров
607 _aРСФСР
_jЛистовки
_xПолитика и управление
_y1917 - 1925
_92312782
_3RU\NLR\auth\6601609564
686 0 _aТ3(2)71-313,011
686 1 _aЦ35(2)712,011
702 1 _4720
_7ca
_8rus
_aМухин
_cучастник установления советской власти, воен. комиссар, Мелекесс
_9191235
_3RU\NLR\AUTH\770191286
702 1 _4720
_7ca
_8rus
_aТер-Саркисов
_cучастник установления советской власти, Мелекесс
_9191269
_3RU\NLR\AUTH\770191320
702 1 _4720
_7ca
_8rus
_aТолмачев
_bН. Г.
_cпарт. деятель
_f1895-1919
_gНиколай Гурьевич
_9191451
_3RU\NLR\AUTH\770191502
710 0 2 _aМелекесский уездный комиссариат по военным делам
_9587047
_3RU\NLR\AUTH\880462211
852 0 0 _aNLR
_bФЛ
_j50/257
942 _cBOOK
980 _aNB
981 2 1 _a(21) Листовки
_b(21) Листовки 1919 года